000 02091nam a22002537a 4500
001 37296
003 UA-OsUOA
005 20230504161230.0
007 ta
008 20060302b un ||||| |||| 00| 0 ukr d
020 _a966-574-228-0
040 _aUA-OsUOA
_bukr
_cUA-OsUOA
_dUA-OsUOA
041 _aukr
080 _a339.9+330(477)
090 _a339.9+330(477)
_bГ54
245 _aГлобалізація і безпека розвитку
_bмонографія
_cред. О. Г. Білорус
260 _aК.
_bКНЕУ
_c2001
300 _a733 с.
520 _aЦя нова колективна монографія науковців Інституту світової економіки і міжнародних відносин НАН України, Київського національного економічного університету, Міжнародного інституту глобалістики та інших наукових установ України є логічним продовженням досліджень уперше започаткованого в Україні в 1995 році наукового напряму політичної, економічної і соціальної глобалістики. Перша фундаментальна колективна монографія «Глобальні трансформації і стратегії розвитку», опублікована в 1998 році, знайшла широкий відгук у наукових колах. Російськомовна редакція книги — «Глобальные трансформации и стратегии развития» видана в 2000 році в Києві. В 2001 році вийде у світ англомовна редакція цієї монографії «Globalization and Security of Development».
650 7 _a330 Економіка взагалі
_2UDC
942 _cBK
_2udc
955 _a2
999 _c323491
_d323491